Mommy Fwiend - Lyrics (Penelope Scott) - Statistics

General Stats
  • This quiz has been taken 12 times
  • The average score is 325 of 411
Answer Stats
Answer % Correct
a
100%
and
100%
And
100%
be
100%
do
100%
I
100%
I'm
100%
in
100%
mom,
100%
not
100%
the
100%
The
100%
to
100%
To
100%
you
100%
You
100%
your
100%
Your
100%
call
89%
called
89%
don't
89%
don’t
89%
ever
89%
every
89%
for
89%
go
89%
Just
89%
just
89%
me
89%
my
89%
Of
89%
of
89%
off
89%
off,
89%
spot
89%
suck
89%
therapist
89%
therapist,
89%
this
89%
This
89%
wanna
89%
When
89%
women
89%
back
78%
blood
78%
dad
78%
eat
78%
enough
78%
force
78%
fruit
78%
fuck
78%
fucking
78%
hands
78%
he
78%
hold
78%
hotline
78%
it
78%
make
78%
risk
78%
suicide
78%
take
78%
That
78%
away
67%
better
67%
can't
67%
cum
67%
cut
67%
daddy,
67%
forced
67%
goddamn
67%
grade
67%
health
67%
hole
67%
listen
67%
mental
67%
on
67%
sad
67%
safe
67%
same
67%
saw
67%
seventh
67%
should
67%
so
67%
swallow
67%
than
67%
threat
67%
trained
67%
treat
67%
Under
67%
very
67%
way
67%
you're
67%
am
56%
cock
56%
dread
56%
government,
56%
It's
56%
know,
56%
know
56%
Let
56%
professional
56%
remind
56%
support
56%
thing
56%
up
56%
volunteer
56%
about
44%
all
44%
any
44%
Because
44%
bed
44%
childhood
44%
coercion
44%
could
44%
feminism
44%
isn't
44%
more
44%
never
44%
normal
44%
owe
44%
say
44%
shouldn't
44%
something
44%
straight
44%
through
44%
trauma
44%
work
44%
consent's
33%
etiquette
33%
into
33%
like
33%
space
33%
submission
33%
told
33%
would
33%
even
22%
feel
22%
get
22%
good
22%
If
22%
kitchen
22%
less
22%
much
22%
offended
22%
use
22%
advice
11%
anymore
11%
'Cause
11%
against
0%
constant
0%
guilt
0%
Leveraging
0%
No matching quizzes found
Score Distribution
Percent of People with Each Score
Percentile by Number Answered
Your Score History
You have not taken this quiz